Sports Quiz

Random Sports Quiz

100 RBI 1970-1979 Quiz Stats

Quiz not verified by Sporcle

Challenge
Share
Tweet
Embed
Score 0/123 Timer 20:00
0 Plays Today
Year/Team/RBI Player % Correct
1970/Reds/148Johnny Bench
99.4%
1972/Reds/125Johnny Bench
99.4%
1973/Reds/104Johnny Bench
99.4%
1974/Reds/129Johnny Bench
99.4%
1975/Reds/110Johnny Bench
99.4%
1977/Reds/109Johnny Bench
99.4%
1970/Twins/113Harmon Killebrew
98.5%
1971/Pirates/125Willie Stargell
98.5%
1971/Twins/119Harmon Killebrew
98.5%
1972/Pirates/PiratesWillie Stargell
98.5%
1973/Pirates/119Willie Stargell
98.5%
1970/Reds/129Tony Perez
98.2%
1970/Giants/126Willie McCovey
98.2%
1973/A's/117Reggie Jackson
98.2%
1973/Reds/101Tony Perez
98.2%
1974/Reds/101Tony Perez
98.2%
1975/Reds/109Tony Perez
98.2%
1975/A's/104Reggie Jackson
98.2%
1977/Yankees/110Reggie Jackson
98.2%
1975/Red Sox/102Jim Rice
97.9%
1977/Red Sox/114Jim Rice
97.9%
1978/Red Sox/139Jim Rice
97.9%
1979/Red Sox/130Jim Rice
97.9%
1976/Reds/121George Foster
97.6%
1977/Reds/149George Foster
97.6%
1978/Reds/120George Foster
97.6%
1979/Royals/107George Brett
97.6%
1970/Braves/118Hank Aaron
97.3%
1970/Red Sox/102Carl Yastrzemski
97.3%
1971/Braves/118Hank Aaron
97.3%
1973/Astros/105Lee May
97.3%
1974/Phillies/116Mike Schmidt
97.3%
1976/Orioles/109Lee May
97.3%
1976/Phillies/107Mike Schmidt
97.3%
1976/Red Sox/102Carl Yastrzemski
97.3%
1977/Phillies/101Mike Schmidt
97.3%
1977/Red Sox/102Carl Yastrzemski
97.3%
1979/Phillies/114Mike Schmidt
97.3%
1974/Dodgers/111Steve Garvey
96.1%
1977/Dodgers/115Steve Garvey
96.1%
1978/Dodgers/113Steve Garvey
96.1%
Year/Team/RBI Player % Correct
1979/Dodgers/110Steve Garvey
96.1%
1970/Cubs/129Billy Williams
94.9%
1972/Cubs/122Billy Williams
94.9%
1975/Red Sox/105Fred Lynn
93.7%
1979/Red Sox/122Fred Lynn
93.7%
1975/Yankees/102Thurman Munson
93.4%
1976/Yankees/105Thurman Munson
93.4%
1977/Yankees/100Thurman Munson
93.4%
1970/Dodgers/111Wes Parker
92.8%
1975/Pirates/101Dave Parker
92.8%
1978/Pirates/117Dave Parker
92.8%
1970/Cubs/114Ron Santo
92.5%
1976/Reds/111Joe Morgan
91.9%
1979/Cubs/115Dave Kingman
91.3%
1970/Cardinals/100Joe Torre
90.4%
1971/Cardinals/137Joe Torre
90.4%
1975/Phillies/120Greg Luzinski
90.4%
1977/Phillies/130Greg Luzinski
90.4%
1978/Phillies/101Greg Luzinski
90.4%
1979/Padres/118Dave Winfield
90.1%
1973/Braves/104Darrell Evans
89.8%
1979/Angels/139Don Baylor
89.8%
1975/Dodgers/101Ron Cey
89.5%
1977/Dodgers/110Ron Cey
89.5%
1979/Brewers/123Gorman Thomas
89.2%
1977/Yankees/107Graig Nettles
88%
1977/Red Sox/102Carlton Fisk
86.7%
1977/Twins/100Rod Carew
86.7%
1970/Orioles/114Boog Powell
86.1%
1979/Brewers/106Cecil Cooper
86.1%
1970/Cardinals/101Dick Allen
85.2%
1972/White Sox/113Dick Allen
85.2%
1977/Pirates/105Bill Robinson
84.6%
1970/Senators/126Frank Howard
82.8%
1974/Rangers/118Jeff Burroughs
82.5%
1975/Mets/105Rusty Staub
82.5%
1977/Braves/114Jeff Burroughs
82.5%
1977/Tigers/101Rusty Staub
82.5%
1978/Tigers/121Rusty Staub
82.5%
1970/Twins/107Tony Oliva
80.1%
1972/Padres/111Nate Colbert
79.2%
Year/Team/RBI Player % Correct
1974/A's/103Sal Bando
79.2%
1974/Cardinals/100Reggie Smith
79.2%
1972/Royals/100John Mayberry
77.1%
1973/Royals/100John Mayberry
77.1%
1975/Royals/106John Mayberry
77.1%
1974/Dodgers/108Jim Wynn
76.5%
1979/Cardinals/105Keith Hernandez
76.5%
1970/Braves/111Orlando Cepeda
76.2%
1974/Astros/102Cesar Cedeno
75%
1971/Giants/102Bobby Bonds
74.7%
1977/Angels/115Bobby Bonds
74.7%
1974/Cardinals/103Ted Simmons
74.1%
1975/Cardinals/100Ted Simmons
74.1%
1973/Brewers/107George Scott
72.9%
1975/Brewers/109George Scott
72.9%
1973/Expos/103Ken Singleton
71.1%
1979/Orioles/111Ken Singleton
71.1%
1970/Red Sox/103Rico Petrocelli
68.4%
1979/Angels/101Bobby Grich
68.1%
1978/Indians/105Andre Thornton
63.3%
1979/Royals/112Darrell Porter
63.3%
1970/Braves/101Rico Carty
61.7%
1977/Twins/119Larry Hisle
61.4%
1978/Brewers/115Larry Hisle
61.4%
1974/Pirates/100Richie Zisk
59.6%
1977/White Sox/101Richie Zisk
59.6%
1977/Red Sox/112Butch Hobson
57.2%
1970/Red Sox/116Tony Conigliaro
56.6%
1977/Tigers/105Jason Thompson
56%
1979/Mariners/106Willie Horton
55.4%
1976/Astros/102Bob Watson
54.8%
1977/Astros/110Bob Watson
54.8%
1979/Rangers/101Buddy Bell
52.1%
1977/Royals/112Al Cowens
46.7%
1979/Brewers/101Sixto Lezcano
38.3%
1979/Tigers/105Steve Kemp
37%
1970/Cubs/115Jim Hickman
34.9%
1979/Mariners/100Bruce Bochte
32.2%
1975/Giants/101Willie Montanez
30.4%
1979/Angels/101Dan Ford
26.8%
1970/Giants/107Dick Dietz
23.5%

You're not logged in!

Compare scores with friends on all Sporcle quizzes.
Join for Free
OR
Log In

You Might Also Like...

Show Comments

Extras

Created Jan 24, 2013ReportNominate
Tags:100, player, rbi, team

Top Quizzes Today


Score Distribution

Your Account Isn't Verified!

In order to create a playlist on Sporcle, you need to verify the email address you used during registration. Go to your Sporcle Settings to finish the process.

Report this User

Report this user for behavior that violates our Community Guidelines.

Details: